000 00396nam a2200145 i 4500
001 bg
100 1 _aSUCHAŃSKI, Jerzy.
245 0 _aZbiór zadań testowych z elektroniki teoretycznej.
_nCz.2 /
_cJerzy Suchański, Henryk Weroński.
260 _aKielce,
_c1978.
700 1 _aWEROŃSKI, Henryk.
040 _cBPK
041 _apol
942 _cKS
008 s pl f |000 0 pol
999 _c21483
_d21483
856 _uhttp://koha.tu.koszalin.pl/cgi-bin/koha/opac-detail.pl?biblionumber=21483
_yKatalog online BPK